00980cam a2200265 a 4500001000400000003001000004005001700014008004100031020001800072040002500090080001400115090001400129245015600143260003800299300002000337504002500357650003500382650004600417700003500463700003700498700003600535942001200571952011800583999001300701241BR-CuiBMT20231117225415.0230905s2017 mgb 000 0 por d a9788545002369 aBR-CuiBMTcBR-CuiBMT 22007a342 a342bD57600aDilemas na Constituição /cAlfredo Copetti Neto, George Salomão Leite, Glauco Salomão Leite, coordenadores ; prefácio Dalmo de Abreu Dallari. aBelo Horizonte :bFórum,c2017. a446 p. ;c24 cm aInclui bibliografia. aDireito constitucionalzBrasil aDireito processual constitucionalzBrasil1 aCopetti Neto, Alfredo 4coord.1 aLeite, George Salomão 4coord.1 aLeite, Glauco Salomão4coord. 2udccLV 00102udc4070aBIBTCEMTbBIBTCEMTd2023-07-28l0o342 D576pBIBTCEMT23090015r2023-09-05tEx. 1w2023-09-05yLV c241d241